000 00574nam a2200193Ia 4500
005 20250923145544.0
008 008 250917s9999 xx 000 0 eng d
037 _aTextual
040 _aDSWL
_beng
_cDSWL
041 _aeng
_2eng
084 _aYX,zc;6-J1.5, N72
_qDSWL
245 0 _aPersonal relationships, the Handicapped and the community
_cEd. by D.Lancaster-Gaye
260 _aLondon
_bRoutledge
_c1972
300 _avi,150p.
365 _aGBP
_b4.95
925 _g4.95
942 _cTEXL
_hYX,zc;6-J1.5, N72
999 _c1452795
_d1452795